5HLuxD.jpg

KING HENRY VIII SENIOR AND PRIMARY SCHOOL LIBRARY OPAC

Complete physics for Cambridge Secondary 1 / (Record no. 2572)

000 -LEADER
fixed length control field 00924cam a22002777i 4500
001 - CONTROL NUMBER
control field 18507471
003 - CONTROL NUMBER IDENTIFIER
control field OSt
005 - DATE AND TIME OF LATEST TRANSACTION
control field 20230721084051.0
008 - FIXED-LENGTH DATA ELEMENTS--GENERAL INFORMATION
fixed length control field 150226s2013 enka 001 0 eng
010 ## - LIBRARY OF CONGRESS CONTROL NUMBER
LC control number 2014434346
020 ## - INTERNATIONAL STANDARD BOOK NUMBER
International Standard Book Number 9780198390244 (paperback)
040 ## - CATALOGING SOURCE
Original cataloging agency DLC
Language of cataloging eng
Transcribing agency DLC
Description conventions rda
Modifying agency KH8
082 ## - DEWEY DECIMAL CLASSIFICATION NUMBER
Classification number 530 REY
100 1# - MAIN ENTRY--PERSONAL NAME
Personal name Reynolds, Helen,
Dates associated with a name 1963-
Relator term author.
245 10 - TITLE STATEMENT
Title Complete physics for Cambridge Secondary 1 /
Statement of responsibility, etc. Helen Reynolds.
264 #1 - PRODUCTION, PUBLICATION, DISTRIBUTION, MANUFACTURE, AND COPYRIGHT NOTICE
Place of production, publication, distribution, manufacture Oxford :
Name of producer, publisher, distributor, manufacturer Oxford University Press,
Date of production, publication, distribution, manufacture, or copyright notice 2013.
300 ## - PHYSICAL DESCRIPTION
Extent 255 pages :
Other physical details illustrations (color) ;
Dimensions 28 cm.
336 ## - CONTENT TYPE
Content type term text
Source rdacontent
337 ## - MEDIA TYPE
Media type term unmediated
Source rdamedia
338 ## - CARRIER TYPE
Carrier type term volume
Source rdacarrier
490 0# - SERIES STATEMENT
Series statement Cambridge checkpoint and beyond
500 ## - GENERAL NOTE
General note "Endorsed by Cambridge International Examinations".
650 #0 - SUBJECT ADDED ENTRY--TOPICAL TERM
Topical term or geographic name entry element Physics.
710 2# - ADDED ENTRY--CORPORATE NAME
Corporate name or jurisdiction name as entry element University of Cambridge.
Subordinate unit Local Examinations Syndicate.
-- International Examinations.
942 ## - ADDED ENTRY ELEMENTS (KOHA)
Source of classification or shelving scheme
Koha item type Teaching Resources
Holdings
Withdrawn status Lost status Source of classification or shelving scheme Damaged status Not for loan Collection code Permanent Location Current Location Shelving location Date acquired Full call number Barcode Date last seen Price effective from Koha item type
          Teaching Resources KH8 Senior School Library KH8 Senior School Library Staff Office 2023-07-21 530 REY TRKHSL000964 2023-07-21 2023-07-21 Teaching Resources

Powered By KH8 IT Dept